Rois et reines d'Espagne - Statistiques

Statistiques générales
  • Ce quiz a été pris 8 fois
  • Le résultat moyen est 10 sur 72
Statistiques - réponses
Règne Souverain Surnom Dynastie Statut % Correct
1474 - 1504 Isabel I "la Catholique" Trastamare Reine de Castille et d'Aragon
80%
1665 - 1700 Carlos II "l'Ensorcelé Habsbourg Roi d'Espagne
60%
1759 - 1788 Carlos III "le Meilleur" Bourbons Roi d'Espagne
60%
1788 - 1808 Carlos IV "le Chasseur" Bourbons Roi d'Espagne
60%
1556 - 1598 Felipe II "le Prudent" Habsbourg Roi d'Espagne et du Portugal
60%
1598 - 1621 Felipe III "le Pieux" Habsbourg Roi d'Espagne et du Portugal
60%
1700 - 1724 Felipe V "le Brave" Bourbons Roi d'Espagne
60%
1516 - 1556 Carlos I - Habsbourg Roi d'Espagne
40%
1506 Felipe I "le Beau" Habsbourg Roi d'Aragon
40%
1621 - 1665 Felipe IV "le Grand" Habsbourg Roi d'Espagne
40%
1724 - 1746 Felipe V "le Brave" Bourbons Roi d'Espagne
40%
2014 - présent Felipe VI - Bourbon-Anjou Roi d'Espagne
40%
1474 - 1504 Fernando V "le Catholique" Trastamare Roi de Castille et d'Aragon
40%
1746 - 1759 Fernando VI "le Sage" Bourbons Roi d'Espagne
40%
1833 - 1868 Isabel II - Bourbon-Anjou Reine d'Espagne
40%
1504 - 1555 Juana I "la Folle" Trastamare Reine de Castille et d'Aragon
40%
1975 - 2014 Juan Carlos - Bourbon-Anjou Roi d'Espagne
40%
1870 - 1873 Amadeo "le Roi-Chevalier" Savoie-Aoste Roi d'Espagne
20%
737 - 739 Favila - Cantabrio-Pélagiens Roi des Asturies
20%
1217 - 1252 Fernando III "le Saint" Ivrée Roi de Castille et de Tolède, puis roi de Castille
20%
1295 - 1312 Fernando IV - Ivrée Roi de Castille
20%
1808 Fernando VII "le Désiré" Bourbons Roi d'Espagne
20%
1813 - 1833 Fernando VII "le Désiré" Bourbon-Anjou Roi d'Espagne
20%
1379 - 1390 Juan I - Trastamare Roi de Castille
20%
1406 - 1454 Juan II - Trastamare Roi de Castille
20%
1350 - 1369 Pedro I "le Cruel" Ivrée Roi de Castille
20%
714 - 737 Pelayo "le Conquérant" Cantabrio-Pélagiens Roi des Asturies
20%
739 - 757 Alfonso I "le Catholique" Cantabrio-Pélagiens Roi des Asturies
0%
791 - 842 Alfonso II "le Chaste" Cantabrio-Pélagiens Roi des Asturies
0%
866 - 910 Alfonso III "le Grand" Cantabrio-Pélagiens Roi des Asturies
0%
926 - 931 Alfonso IV "le Moine" Asturo-Léonaise Roi de León
0%
1188 - 1230 Alfonso IX "le Babeux" Ivrée Roi de León et de Galice
0%
999 - 1028 Alfonso V "des Bons Foyers" Asturo-Léonaise Roi de León
0%
1065 -1109 Alfonso VI "le Brave" Jiménez Roi de Castille et de Galice
0%
1126 - 1157 Alfonso VII - Ivrée Roi de León et Castille et de Galice
0%
1158 - 1214 Alfonso VIII "le Noble" Ivrée Roi de Castille et de Tolède
0%
1252 - 1284 Alfonso X "le Sage" Ivrée Roi de Castille
0%
1312 - 1350 Alfonso XI - Ivrée Roi de Castille
0%
1874 - 1885 Alfonso XII "le Pacifique" Bourbon-Anjou Roi d'Espagne
0%
1886 - 1931 Alfonso XIII "l'Africain" Bourbon-Anjou Roi d'Espagne
0%
768 - 774 Aurelio - Cantabrio-Pélagiens Roi des Asturies
0%
1217 Berenguela - Ivrée Reine de Castille et de Tolède
0%
789 - 791 Bermudo I "le Diacre" Cantabrio-Pélagiens Roi des Asturies
0%
985 - 999 Bermudo II "le Goutteux" Asturo-Léonaise Roi de León
0%
1028 - 1037 Bermudo III - Asturo-Léonaise Roi de León
0%
1214 - 1217 Enrique I - Ivrée Roi de Castille et de Tolède
0%
1369 - 1379 Enrique II "le Fratricide" Trastamare Roi de Castille
0%
1390 - 1406 Enrique III "l'Endeuillé" Trastamare Roi de Castille
0%
1454 - 1474 Enrique IV - Trastamare Roi de Castille
0%
1037 - 1065 Fernando I "le Grand" Jiménez Roi de León et Castille
0%
1157 - 1188 Fernando II - Ivrée Roi de León et de Galice
0%
757 - 768 Fruela I "le Cruel" Cantabrio-Pélagiens Roi des Asturies
0%
924 - 925 Fruela II "le Lépreux" Asturo-Léonaise Roi de León
0%
910 - 914 García I "le Silencieux" Asturo-Léonaise Roi de León
0%
1065 - 1071 García II - Jiménez Roi de Galice
0%
1808 - 1813 Joseph-Napoléon I - Bonaparte Roi d'Espagne
0%
1724 Luis I "le Libéral" Bourbons Roi d'Espagne
0%
783 - 789 Mauregato - Cantabrio-Pélagiens Roi des Asturies
0%
850 - 866 Ordoño I - Cantabrio-Pélagiens Roi des Asturies
0%
914 - 924 Ordoño II - Asturo-Léonaise Roi de Galice, puis roi de León
0%
951 - 956 Ordoño III - Asturo-Léonaise Roi de León
0%
958 - 960 Ordoño IV "le Mauvais" Asturo-Léonaise Roi de León
0%
842 - 850 Ramiro I - Cantabrio-Pélagiens Roi des Asturies
0%
931 - 951 Ramiro II "le Grand" Asturo-Léonaise Roi de León
0%
966 - 985 Ramiro III - Asturo-Léonaise Roi de León
0%
956 - 958 Sancho I "le Gros" Asturo-Léonaise Roi de León
0%
960 - 966 Sancho I "le Gros" Asturo-Léonaise Roi de León
0%
1065 - 1072 Sancho II "le Fort" Jiménez Roi de Castille et de Galice
0%
1157 - 1158 Sancho III "le Désiré" Ivrée Roi de Castille et de Tolède
0%
1284 - 1295 Sancho IV "le Brave" Ivrée Roi de Castille
0%
774 - 783 Silo - Cantabrio-Pélagiens Roi des Asturies
0%
1109 - 1126 Urraca I "la Téméraire" Jiménez Reine de León et Castille
0%
Aucun quiz correspondant
Distribution des résultats
% des personnes avec chaque résultat
Percentile par nombre de réponses
Votre historique - résultats
Vous n’avez pas pris ce quiz